| 000 | 00659cam a22002411 4500 | ||
|---|---|---|---|
| 001 | sa 68012421 | ||
| 003 | DLC | ||
| 005 | 20260227112610.0 | ||
| 008 | 890403s1967 io ac 000 0bind | ||
| 010 | _asa 68012421 | ||
| 035 | _a(OCoLC)23568847 | ||
| 040 |
_aDLC _cMiU _dDLC |
||
| 042 | _apremarc | ||
| 043 | _aa-io--- | ||
| 050 | 0 | 0 |
_aDS644 _b.R65 |
| 100 | 0 |
_aRosamona, _ecomp. |
|
| 245 | 1 | 0 | _aMatinja Aidit, Marsekal Lubang-Buaja. |
| 260 |
_aDjakarta, _bInkopak-Hazera _c[1967] |
||
| 300 |
_a116 p. _billus., ports. _c21 cm. |
||
| 600 | 1 | 0 |
_aAidit, D. N., _d1923-1965. |
| 610 | 2 | 0 | _aPartai Komunis Indonesia. |
| 651 | 0 |
_aIndonesia _xHistory _y1950-1966 |
|
| 999 |
_c84522 _d84522 |
||